00735nam a2200181 a 4500003000200000005001700002008004100019050003000060100003000090245008400120260009100204300004100295504004100336650005300377650003800430650004400468650004100512020250210105850.0120717s19uu xx 00 eng d aPGS LB 1062.6b.H967 2012 aHurtado, Marcus Lawrence. aAcademic performance and extracurricular activities /cMarcus Lawrence Hurtado. aLas Piñas City, Philippines :bSouthville International School and Colleges, c2012. a23 pages :billustrations ; c28 cm. aIncludes bibliographical references. aExtracurricular activitiesvEducational aspects. aAcademic achievementvInfluences. aStudent activitiesvImpact on learning. aEducationvBalanced with activities.